000 00583nam a22001817a 4500
999 _c183973
_d183973
005 20220110104640.0
010 _aENG-131036
020 _a10-SE-000-935
_c300.00
035 _aEN-114568
037 _bDBAD
082 _a005.133
100 _aMehrotra, Dheeraj
245 _aComputer Applications:
_cDheeraj Mehrotra
_bWith BlueJ Based Java Programming/
260 _aNew Delhi
_bS Chand School Books
_c2022
270 _bNew Delhi
_aA-27, 2nd Floor, Mhan Co-operative Industrial Estate
_e110044
300 _a192p.
_c27cm(pbk)
942 _2ddc
_cEN
_h005.133
_mMEH